| 000 | 00649 a2200205 4500 | ||
|---|---|---|---|
| 010 | _aENG-89602 | ||
| 020 |
_a8181575024 _c150.00 |
||
| 035 | _aEN-73135 | ||
| 037 | _bDBAD / PUB | ||
| 082 | 1 | 4 | _a881.08 |
| 090 |
_c11330 _d11330 |
||
| 100 | 1 | _aWinter, Joe | |
| 245 | 1 |
_aAn enquiry into poetic method/ _cby Joe Winter |
|
| 260 |
_aKolkata _bWriters Workshop _c2006 |
||
| 270 |
_a162/92, Lake Gardens, _bKolkatta _e700 045 |
||
| 300 |
_a87p. _c22 cm ( Hb.) |
||
| 490 | _aA Writers Workshop greybird book | ||
| 942 |
_adpl _cEN _k 881.08/ WIN |
||
| 999 |
_c11023 _d11023 |
||